000 00539nam a2200169 u 4500
001 000036150
005 20200930074923.0
008 111220s1961 xxu r 000 0 spa d
040 _aDO-SdBNP
_bspa
_cBNPHU
082 _axxxx
_bxxxxx
100 1 _aFitzgerald, F. Scott
_d1896-1940
_962187
245 1 0 _aTender is the night /
_cF. Scott Fitzgerald.
260 _aNew York :
_bbCharles Scribner's sons,
_c1961.
300 _a349 p. ;
_c23 cm.
590 _aPerteneció a la biblioteca personal de Juan Isidro Jimenes Grullón
049 _aBNPD
999 _c35641
_d35641